000 00763nam a2200253 i 4500
001 000015957
003 DO-SdBNP
005 20230424142031.0
007 ta
008 100222s2001 dr 000 0 spa d
020 _a9993480843
040 _aDO-SdBNP
_bspa
_cBNPHU
_erda
082 _axxx
_bG633a
_222
100 _917452
245 1 _aAmigo de pecadores :
_bun despliegue de la compasión de Dios hacia pecadores en la parábola del hijo pródigo
_cSalvador Gómez Dickson
260 _aSanto Domingo :
_bEternediad,
_c2001.
300 _a90 p. ;
_c21 cm.
336 _2rdacontent.
_atexto
_btxt
337 _2rdamedia
_asin mediación
_bn
338 _2rdacarrier
_avolumen
_bnc
590 _aInventariado, 2023 / DG
910 _aDG
942 _2ddc
_cLBS1
999 _c53338
_d53338